Bones & Breaks: (Record no. 190246)

MARC details
000 -LEADER
fixed length control field 00547nam a22001817a 4500
005 - DATE AND TIME OF LATEST TRANSACTION
control field 20220721111435.0
010 ## - LCCN (DPL NO)
LC control number ENG-133766
020 ## - INTERNATIONAL STANDARD BOOK NUMBER
International Standard Book Number 9789386473011
Terms of availability 195.00
035 ## - SYSTEM CONTROL NUMBER
System control number EN-116497
037 ## - SOURCE OF ACQUISITION
Source of stock number/acquisition DBAD/PUB
082 ## - DEWEY DECIMAL CLASSIFICATION NUMBER
Classification number 617.3
100 ## - MAIN ENTRY--PERSONAL NAME
Personal name Sharma, Sushil
245 ## - TITLE STATEMENT
Title Bones & Breaks:
Remainder of title Total Orthopaedic Solution/
Statement of responsibility, etc Sushil Sharma
260 ## - PUBLICATION, DISTRIBUTION, ETC. (IMPRINT)
Place of publication, distribution, etc New Delhi
Name of publisher, distributor, etc Vitasta Publishing Pvt.Ltd.
Date of publication, distribution, etc 2017
270 ## - ADDRESS
Address 2/15, Ansari Road, Dariyaganj
City New Delhi
Postal code 110002
300 ## - PHYSICAL DESCRIPTION
Extent 113p.
Dimensions 18cm(pbk)
942 ## - ADDED ENTRY ELEMENTS (KOHA)
Source of classification or shelving scheme Dewey Decimal Classification
Item type English Books
Classification part 617.3
Call number suffix SHA
Holdings
Withdrawn status Lost status Not for loan Collection code Home library Current library Date acquired Source of acquisition Cost, normal purchase price Full call number Barcode Copy number Cost, replacement price Koha item type
      Non-fiction Bawana Bawana 21/07/2022 DBAD/PUB 195.00 617.3 SHA EN-117298 1 195.00 English Books

© Delhi Public Library
Hit Counter
free hit counter